| 000 | 00476nam a22001697a 4500 | ||
|---|---|---|---|
| 003 | OSt | ||
| 005 | 20140310182444.0 | ||
| 008 | 130805t xxu||||| |||| 00| 0 eng d | ||
| 050 |
_aRG 950 _b.D88 201O |
||
| 100 |
_aDutton,Lauren A. _97593 |
||
| 245 |
_aA Pocket Guide to Clinical Midwifery / _cLauren A. Dutton. |
||
| 260 |
_aUSA : _bJ & B Publishers, _cc2010. |
||
| 300 |
_a358 p. : _bill. ; _c190 p. |
||
| 650 |
_aMidwifery _97594 |
||
| 942 |
_2lcc _cSSLC |
||
| 999 |
_c13575 _d13575 |
||